MARC details
| 000 -LEADER |
| fixed length control field |
00832nam a2200229#a 4500 |
| 001 - CONTROL NUMBER |
| control field |
02513 |
| 003 - CONTROL NUMBER IDENTIFIER |
| control field |
HDC |
| 007 - PHYSICAL DESCRIPTION FIXED FIELD--GENERAL INFORMATION |
| fixed length control field |
ta |
| 008 - FIXED-LENGTH DATA ELEMENTS--GENERAL INFORMATION |
| fixed length control field |
230623s2016 xx 000 0 eng d |
| 040 ## - CATALOGING SOURCE |
| Original cataloging agency |
HDC |
| 050 ## - LIBRARY OF CONGRESS CALL NUMBER |
| Classification number |
matrade BP184.98 |
| Item number |
.M35 2016 |
| 110 ## - MAIN ENTRY--CORPORATE NAME |
| Corporate name or jurisdiction name as entry element |
Malaysian External Trade Development Corporation. |
| 245 #0 - TITLE STATEMENT |
| Title |
11th Malaysian International Halal Showcase, 30 March to 2 April 2016, Kuala Lumpur Convention Centre KLCC, Malaysia / |
| Statement of responsibility, etc. |
Malaysian External Trade Development Corporation. |
| 264 ## - PRODUCTION, PUBLICATION, DISTRIBUTION, MANUFACTURE, AND COPYRIGHT NOTICE |
| Place of production, publication, distribution, manufacture |
Kuala Lumpur : |
| Name of producer, publisher, distributor, manufacturer |
Malaysian External Trade Development Corporation, |
| Date of production, publication, distribution, manufacture, or copyright notice |
2016 |
| 300 ## - PHYSICAL DESCRIPTION |
| Extent |
423 pages. : |
| Other physical details |
color photographs, illustrations ; |
| Dimensions |
21 cm |
| 650 ## - SUBJECT ADDED ENTRY--TOPICAL TERM |
| Topical term or geographic name entry element |
Halal food industry |
| Form subdivision |
Directories. |
| 650 ## - SUBJECT ADDED ENTRY--TOPICAL TERM |
| Topical term or geographic name entry element |
Halal products |
| Form subdivision |
Directories. |
| 942 ## - ADDED ENTRY ELEMENTS (KOHA) |
| Source of classification or shelving scheme |
Library of Congress Classification |
| 942 ## - ADDED ENTRY ELEMENTS (KOHA) |
| Koha item type |
Book |
| 942 ## - ADDED ENTRY ELEMENTS (KOHA) |
| Call number prefix |
matrade BP184.98 |
| 942 ## - ADDED ENTRY ELEMENTS (KOHA) |
| Call number suffix |
.M35 2016 |